00446nam a2200157Ia 45000010006000000050017000060080041000230410008000640820015000721000039000872450109001262600009002353000028002446500008002726540008002801433020260306164906.0260306t2018||||xx |||||||||||||| ||spa|| aESP a511.8bH76 aHorra Navarro, Julián de laeAUT 0aModelos matemáticos para ciencias experimentales:bcon la solución detallada de todos los ejercicios c2018 a243 páginas :c21 cm. aGEN aCMA